| 000 | 03247cam a22006614i 4500 | ||
|---|---|---|---|
| 003 | PE-LiUPU | ||
| 005 | 20250731180128.0 | ||
| 008 | 150625s r 000 0 d | ||
| 020 | _a9688802301 | ||
| 035 | _a(Sirsi) i9789688802304 | ||
| 040 |
_aPE-LiUPU _bspa _cPE-LiUPU _erda |
||
| 049 | _aPRUA | ||
| 082 | 0 | 4 |
_a519.033 _bA78 _221 |
| 100 | 1 |
_aArya, Jagdish C., _eautor. |
|
| 245 | 1 | 0 |
_aMatematicas aplicadas a la Administracion y a la Economia / _cJagdish C. Arya. |
| 250 | _a3a. | ||
| 264 | 1 |
_aMexico : _bPrentice Hall Hispanoamericana, _c1992. |
|
| 300 |
_a870 páginas : _bilustraciones ; _c24 centímetros |
||
| 336 |
_atext _2rdacontent |
||
| 337 |
_aunmediated _2rdamedia |
||
| 338 |
_avolume _2rdacarrier |
||
| 505 | 0 | _aRepaso de álgebra. -Ecuaciones de una variable. -Desigualdades. -Lineas rectas. -Funciones y graficas. -Logaritmos y exponencialess. -Progresiones y matemáticas financiera. -Probabilidad. -Algebra de matrices. -Inversas y determinantes. -Programación lineal. -La derivada. -Calculo de derivadas. -Optimación y bosquejo de curas. -Mas sobre derivadas. -Integración. -La integral definida. -Funciones de varias variables. | |
| 526 | _aSEG44 | ||
| 526 | _aSEG26 | ||
| 526 | _aP159 | ||
| 526 | _aP155 | ||
| 526 | _aP154 | ||
| 526 | _aP153 | ||
| 526 | _aP150 | ||
| 526 | _aP100 | ||
| 526 | _aP31 | ||
| 526 | _aP30 | ||
| 526 | _aP26 | ||
| 526 | _aP25 | ||
| 526 | _aP24 | ||
| 526 | _aP22 | ||
| 526 | _aP15 | ||
| 526 | _aP10 | ||
| 650 | 0 | 4 |
_aMatematicas. _9187 |
| 942 |
_2ddc _cBOOK |
||
| 949 |
_a519.033 A78 _wDEWEY _c1 _i32960 _lCCODEBUL1 _mBUL _r0 _sY _tBOOK _u2015-6-25 _xFCE _zUNKNOWN _0COMPRA _o.STAFF. Colección General |
||
| 949 |
_a519.033 A78 _wDEWEY _c2 _i32961 _lCCODEBUL1 _mBUL _r0 _sY _tBOOK _u2015-6-25 _xFCE _zUNKNOWN _0COMPRA _o.STAFF. Colección General |
||
| 949 |
_a519.033 A78 _wDEWEY _c3 _i32959 _lCCODEBUL1 _mBUL _p98.00 _r0 _sY _tBOOK _u2015-6-25 _xFCE _zUNKNOWN _0COMPRA _o.STAFF. Colección General |
||
| 949 |
_a519.033 A78 _wDEWEY _c4 _i29498 _lCCODEBUL1 _mBUL _p98.00 _r0 _sY _tBOOK _u2015-6-25 _xFCE _zUNKNOWN _0COMPRA _o.STAFF. Colección General |
||
| 949 |
_a519.033 A78 _wDEWEY _c5 _i28288 _lCCODEBUL1 _mBUL _r0 _sY _tBOOK _u2015-6-25 _xFCE _zUNKNOWN _0COMPRA _o.STAFF. Colección General |
||
| 994 |
_aC0 _bPEPRU |
||
| 596 | _a1 | ||
| 999 |
_a519.033 A78 _wDEWEY _c42228 _i32960 _f2021-11-5 _g6 _lCCODEBUL1 _mBUL _r0 _sN _tBOOK _u2015-6-25 _xBIBLIOTECA _zUNKNOWN _0COMPRA _o.STAFF. Colección General _d42228 |
||
| 999 |
_a519.033 A78 _wDEWEY _c2 _i32961 _d2019-4-30 _e2019-4-28 _f2021-11-5 _g6 _lCCODEBUL1 _mBUL _n2 _q1 _r0 _sN _tBOOK _u2015-6-25 _xBIBLIOTECA _zUNKNOWN _0COMPRA _o.STAFF. Colección General |
||
| 999 |
_a519.033 A78 _wDEWEY _c3 _i32959 _f2021-11-5 _g6 _lCCODEBUL1 _mBUL _p98.00 _r0 _sN _tBOOK _u2015-6-25 _xBIBLIOTECA _zUNKNOWN _0COMPRA _o.STAFF. Colección General |
||
| 999 |
_a519.033 A78 _wDEWEY _c4 _i29498 _f2019-12-11 _g5 _lDISCARD _mBUL _p98.00 _r0 _sN _tBOOK _u2015-6-25 _xFCE _zUNKNOWN _0COMPRA _o.STAFF. Colección General |
||
| 999 |
_a519.033 A78 _wDEWEY _c5 _i28288 _f2019-12-11 _g5 _lDISCARD _mBUL _r0 _sN _tBOOK _u2015-6-25 _xFCE _zUNKNOWN _0COMPRA _o.STAFF. Colección General |
||
| 980 |
_81 _gALBERTO SANCHEZ Responsable de Automatización |
||